000 01020nas a2200325 4500
001 BR2017002972
003 BR-BrBNA
005 20231205131127.0
007 ta
008 230509b bl.|||p| |||| 00| 00por d
040 _aBR-BrBNA
_bpor
_cBiblioteca Nacional de Agricultura
041 _a(Pt)
072 _aE16
100 1 _aSilveira, R. da
100 1 _aSilva, G.F. da
100 1 _aBinoti, D.H.B.
100 1 _aManhães, L. da P.
100 1 _aGonçalves, A.F.A.
100 1 _aAragão, M. de A.
245 1 _aCustos da produção de madeira de paricá na região de Paragominas,PA
650 _aPARICÁ
650 _aÁRVORE ANGIOSPERMA
650 _aMADEIRA
650 _aCUSTO OPERACIONAL
650 _aESPAÇAMENTO
773 0 _tPesquisa Florestal Brasileira (Brazil)
_xISSN 1983-2605
_g(Oct-Dec 2017), v. 37(92) p. 597-604
_wBR2017002972
856 4 0 _uhttp://pfb.cnpf.embrapa.br/pfb/index.php/pfb/article/view/1508/613
909 _a202311
_bLúcia
_c55
_dLúcia Elande
942 _2AGRIS
_n0
_cANA
999 _c253156
_d253156